00803nam a2200253 i 4500001001000000003000900010005001700019007000300036008004100039020001500080040003000095041000800125082002400133100004700157245004000204264006800244300002800312336002700340337003300367338002800400500007300428650002200501650002600523000044199DO-SdBNP20250213083620.0ta140609s2003 dr 000 0 spa d a9993432253 aDO-SdBNPbspacBNPHUerda aspa 4aRD863.44bH557c2221 aHernández, Ángela,d1954-eautor4aut.10aCharamicos /cÁngela Hernández. 4aSanto Domingo, República Dominicana :bEditora Cole,c©2003. a350 páginas ;c23 cm. ardacontentbtexto2txt ardamediabsin mediación2n ardacarrierbvolumen2nc aIncluye datos biográficos de la autora en la solapa de la cubierta 4aNovela dominicana 4aLiteratura dominicana